The 10 Best Countries in the World According to AI - Statistics

General Stats
  • This quiz has been taken 103 times
  • The average score is 8 of 10
Answer Stats
Rank Country % Correct
10 Denmark
86%
2 Norway
86%
7 Sweden
86%
4 Japan
85%
6 Australia
83%
3 Canada
82%
1 Switzerland
81%
5 Germany
80%
8 New Zealand
77%
9 Netherlands
73%
No matching quizzes found
Score Distribution
Percent of People with Each Score
Percentile by Number Answered
Your Score History
You have not taken this quiz